000 01154nam a2200277Ia 4500
003 OSt
005 20220923211538.0
006 a|||||r|||| 00| 0
007 ta
008 220922b |||||||| |||| 00| 0 san d
020 _a9789383031894 (hbk)
_c995
024 _a348,871
037 _b236, 16/01/2019, Eastern Book Linkers
_cTextual
040 _aARTS
_cARTS
_bsan
041 _2san
_asan
082 _aO15,1x, 152Q8
100 _aकुमावत, महेश कुमार, ले.
_9157333
245 0 _aप्रताप चरित परक संस्कृत प्रबन्ध काव्य - एक समीक्षा
246 _aPratāp charit parak sanskṛut prabandha kāvya - ek samīkṣhā
260 _aजयपुर
_b बाबा पब्लिकेशन
_c2018
300 _a138पृ0
_ccm.
650 _a संस्कृत साहित्य
650 _aसंस्कृत कविता
_9156350
942 _hO15,1x, 152Q8
_cTEXL
_2CC
999 _c300653
_d300653